Statistics for Flags of Historical Countries

Click here to take the quiz!

General Stats

  • This quiz has been taken 13 times
  • The average score is 7 of 13

Answer Stats

Answer% Correct
Austria-Hungary
100%
Soviet Union
100%
Ottoman Empire
92%
Siam
83%
Texas
83%
Tibet
67%
Holy Roman Empire
58%
Persia
58%
Newfoundland
42%
Ha'il
17%
Asir
8%
Dervish State
8%
Nejd and Hasa
8%

Score Distribution

Percentile by Number Answered

Percent of People with Each Score

Your Score History

You have not taken this quiz